000 00913nam a2200277Ia 4500
001 Para_948
003 CHAP
008 220125s1995 xx 000 0 und d
010 _a199674
040 _cCHAP
090 _aPA TESIS 913
100 _aTorres Escamilla, Rafael
_9114086
245 _aEvaluación de tres sistemas de rotación para la producción de maíz (Zea mays L) bajo labranza cero en Acacoyagua, Chiapas /
_c por Rafael Torres Escamilla
260 _aChapingo, Méx. :
_b El autor
300 _a37 h.
502 _aTesis (Ing. Agr. Esp. en Parasitología Agrícola) -- UACh. Depto. Parasitología
650 _aMaíz
_970848
710 _aUACh. Departamento Parasitología Agrícola
_9164025
901 _aPA TESIS 913
902 _aA
905 _a0000001995 0000000000 00
910 _a1995
942 _cPARA
942 _cPARA
_d1
999 _c199674
_d199674